=LDR 00000nam 2200000 4500 =001 INLIS000000000043444 =005 20131008103321 =008 ***********************************eng** =035 ##$$0010-101300000001366 =041 ##$$a eng =082 ##$$a 823 =090 ##$$a 823, Bre a =100 ##$$a BRENNAM, Elizabeth =245 ##$$a Am i my brother's keeper, Elizabeth Brennan =260 ##$$a 1946 $b London =300 ##$$a 224 hlm, 32 cm =650 ##$$a FIKSI-INGGRIS =850 ##$$a NBPNMAT